| 000 | 01189nam a2200337 a 4500 | ||
|---|---|---|---|
| 001 | 4727362 | ||
| 003 | OSt | ||
| 005 | 20140310183002.0 | ||
| 008 | 831116s1983 ph a b 000 0 eng | ||
| 010 | _a 83228452 | ||
| 020 | _a9711000563 (pbk. : book print) | ||
| 020 | _a9711000571 (pbk. : news print) | ||
| 040 |
_aDLC _cDLC _dDLC |
||
| 043 | _aa-ph--- | ||
| 050 | 0 | 0 |
_aHD 70.P5 _b.An53 1983 |
| 100 | 1 |
_aAndres, Tomas Quintin D., _d1942- |
|
| 245 | 1 | 0 |
_aOrganizational development for productivity in the Philippine setting / _cTomas D. Andres. |
| 260 |
_aQuezon City, Philippines : _bNew Day Publishers, _c1983. |
||
| 300 |
_a155 p. : _bill. ; _c23 cm. |
||
| 504 | _aBibliography: p. 147-155. | ||
| 521 | _aBSBA | ||
| 562 | _efor circulation : 1 copy available in the collection | ||
| 650 | 0 |
_aOrganizational change _zPhilippines. |
|
| 650 | 0 |
_aOrganizational change _zPhilippines _xCase studies. |
|
| 650 | 0 |
_aIndustrial organization _zPhilippines. |
|
| 650 | 0 |
_aIndustrial organization _zPhilippines _xCase studies. |
|
| 650 | 0 |
_aIndustrial productivity _zPhilippines. |
|
| 906 |
_a7 _bcbc _corignew _d3 _encip _f19 _gy-gencatlg |
||
| 942 |
_2lcc _cBK _kLOC |
||
| 999 |
_c18130 _d18130 |
||